[Event "ICS Rated blitz match"]
[Site "204.178.125.65"]
[Date "2000.06.03"]
[Round "?"]
[White "Hossa"]
[Black "PostModernist"]
[Result "0-1"]
[WhiteElo "2391"]
[BlackElo "2779"]
[PlyCount "120"]
[EventDate "2000.??.??"]

1. e4 c5 2. Nf3 d6 3. Nc3 Nc6 4. Bc4 Nf6 5. d3 e6 6. O-O a6 7. Bg5 b5 8. Bb3
Be7 9. a4 b4 10. Ne2 O-O 11. Qc1 Na5 12. Ba2 h6 13. Bh4 Bd7 14. e5 Ng4 15. Bxe7
Qxe7 16. exd6 Qxd6 17. Ng3 Bc6 18. Nd2 Qd4 19. Nge4 Bxe4 20. Nxe4 c4 21. Qf4 f5
22. Qd6 Qxd6 23. Nxd6 b3 24. Nxc4 Nxc4 25. Bxb3 Nd6 26. Bxe6+ Kh7 27. Rae1 Rab8
28. b3 Kg6 29. Re2 Rfe8 30. Rfe1 Kg5 31. d4 Nf6 32. g3 Nfe4 33. Bd7 Re7 34. Bc6
Rc7 35. d5 Kh5 36. f3 Nf6 37. Rd1 Nf7 38. Rdd2 Kg6 39. Re3 h5 40. h3 Rd8 41.
Rde2 h4 42. gxh4 Nxd5 43. Bxd5 Rxd5 44. Re6+ Kh5 45. Rxa6 Kxh4 46. Kg2 f4 47.
Rg6 Ng5 48. c4 Rd3 49. Re8 Kh5 50. Rb6 Rd2+ 51. Kf1 Nxf3 52. Rh8+ Kg5 53. Rb5+
Kg6 54. Rf8 Re7 55. Rb6+ Kh7 56. Rh8+ Kxh8 57. Rb8+ Kh7 58. Re8 Rxe8 59. b4
Nh2+ 60. Kg1 Re1# {Hossa checkmated} 0-1

[Event "ICS Rated standard match"]
[Site "204.178.125.65"]
[Date "2000.06.03"]
[Round "?"]
[White "chess-bomber"]
[Black "Hossa"]
[Result "0-1"]
[WhiteElo "2070"]
[BlackElo "2292"]
[PlyCount "68"]
[EventDate "2000.??.??"]

1. g3 d5 2. Bg2 e5 3. d3 Nc6 4. c3 Nf6 5. Nd2 Bd7 6. h3 Be7 7. Qc2 O-O 8. Ngf3
Bf5 9. e4 dxe4 10. dxe4 Be6 11. O-O Qc8 12. Ng5 Bd7 13. Kh2 Ng4+ 14. hxg4 Bxg5
15. f3 Rd8 16. Nc4 Bxc1 17. Raxc1 Be6 18. Ne3 a5 19. b3 Qb8 20. Rfd1 Qa7 21.
Qe2 a4 22. b4 Bxa2 23. Qxa2 Qxe3 24. Qc2 a3 25. Rd5 Ne7 26. Rxe5 Rd2 27. Qb3
Rxg2+ 28. Kxg2 Qd2+ 29. Kh3 Qxc1 30. g5 h5 31. gxh6 Qxh6+ 32. Kg2 Qd2+ 33. Kh3
Qd7+ 34. g4 a2 0-1

[Event "ICS rated standard match"]
[Site "204.178.125.65"]
[Date "2000.06.03"]
[Round "?"]
[White "Hossa"]
[Black "chess-bomber"]
[Result "1-0"]
[WhiteElo "2299"]
[BlackElo "2063"]
[PlyCount "41"]
[EventDate "2000.??.??"]

1. e4 g6 2. d4 Bg7 3. Nc3 d6 4. Be2 c6 5. Nf3 Nd7 6. O-O Qc7 7. Bf4 e5 8. dxe5
dxe5 9. Be3 Ngf6 10. Qd2 Ng4 11. Bg5 h6 12. Bh4 Ngf6 13. Rad1 O-O 14. Qd6 Qxd6
15. Rxd6 Re8 16. Rfd1 Bf8 17. Bxf6 Bxd6 18. Rxd6 Nxf6 19. Rxf6 Bg4 20. Bc4 Re7
21. Rxg6+ 1-0

[Event "ICS rated standard match"]
[Site "204.178.125.65"]
[Date "2000.06.03"]
[Round "?"]
[White "chess-bomber"]
[Black "Hossa"]
[Result "0-1"]
[WhiteElo "2056"]
[BlackElo "2306"]
[PlyCount "112"]
[EventDate "2000.??.??"]

1. g3 d5 2. Bg2 e5 3. d3 Nc6 4. Nd2 Nf6 5. c3 Bd6 6. Qc2 O-O 7. h3 Qe7 8. e4
Be6 9. Ngf3 dxe4 10. dxe4 Rad8 11. O-O h6 12. b4 Qd7 13. Kh2 a5 14. a3 Ra8 15.
Bb2 Rfd8 16. Rfe1 Nh7 17. Bf1 Ng5 18. Nxg5 hxg5 19. Nc4 Bxc4 20. Bxc4 g4 21. h4
Be7 22. Rad1 Bd6 23. Kg2 axb4 24. axb4 Ne7 25. Rd2 b5 26. Bb3 Qc6 27. Qd1 Qd7
28. c4 bxc4 29. Bxc4 Nc6 30. b5 Na5 31. Be2 Qe7 32. Bc3 Ra7 33. Bxg4 Nc4 34.
Rd5 Ra3 35. Qc1 Ra2 36. Be2 Nb6 37. Rd2 Rxd2 38. Bxd2 Ba3 39. Qc2 Bb4 40. Bxb4
Qxb4 41. Rb1 Rd2 42. Rxb4 Rxc2 43. Kf3 Rc3+ 44. Kg2 Rc2 45. Bd1 Rc1 46. Bg4 Ra1
47. Rb2 Ra4 48. f3 Nc4 49. Re2 Rb4 50. Bd7 Na3 51. Rd2 Nxb5 52. Rd5 Nd4 53.
Rxe5 Rb2+ 54. Kh3 Nxf3 55. Bc6 Rh2+ 56. Kg4 Nxe5+ 0-1

[Event "ICS rated standard match"]
[Site "204.178.125.65"]
[Date "2000.06.03"]
[Round "?"]
[White "Aliens1"]
[Black "Hossa"]
[Result "0-1"]
[WhiteElo "2078"]
[BlackElo "2320"]
[PlyCount "32"]
[EventDate "2000.??.??"]

1. e4 c5 2. Nf3 d6 3. d4 cxd4 4. Nxd4 Nf6 5. Nc3 e6 6. Nb3 Be7 7. Bd3 Nc6 8.
O-O O-O 9. Re1 b6 10. Bb5 Bb7 11. Bxc6 Bxc6 12. e5 dxe5 13. Qxd8 Rfxd8 14. Rxe5
Ne4 15. Bf4 Nxc3 16. bxc3 Bd6 {Aliens1 resigns} 0-1

[Event "ICS rated blitz match"]
[Site "204.178.125.65"]
[Date "2000.06.03"]
[Round "?"]
[White "Hossa"]
[Black "PostModernist"]
[Result "0-1"]
[WhiteElo "2388"]
[BlackElo "2769"]
[PlyCount "140"]
[EventDate "2000.??.??"]

1. e4 c5 2. Nf3 d6 3. d4 Nf6 4. Nc3 cxd4 5. Nxd4 Nc6 6. Bc4 Bd7 7. Be3 Ng4 8.
Nxc6 bxc6 9. Bd2 Qb6 10. O-O Qxb2 11. Rb1 Qa3 12. Rb3 Qc5 13. Be2 Qd4 14. Rb7
Nf6 15. Qb1 e6 16. Rb8+ Rxb8 17. Qxb8+ Ke7 18. e5 Qxe5 19. Qxa7 g6 20. Rd1 Bg7
21. Bf3 Rc8 22. Na4 Qf5 23. Nb6 Rd8 24. Nxd7 Rxd7 25. Qa4 c5 26. Bc6 Ng4 27.
Rf1 Rc7 28. Ba5 Qe5 29. g3 Rc8 30. Qxg4 Rxc6 31. Rb1 Bf6 32. Qh3 h5 33. Qf1 Kf8
34. Rb8+ Kg7 35. Bd2 Qd5 36. Qc1 Qxa2 37. Bh6+ Kh7 38. Rb7 e5 39. c4 Kg8 40.
Rb8+ Kh7 41. Rb7 Kg8 42. Rb8+ Kh7 43. Rb7 d5 44. Rxf7+ Kg8 45. Rf8+ Kh7 46.
cxd5 Qxd5 47. Be3 c4 48. Qb1 Rd6 49. Qb8 h4 50. Qc8 Bg7 51. Re8 Qf3 52. Rh8+
Bxh8 53. Qc7+ Bg7 54. Qxd6 h3 55. Kf1 c3 56. Qd8 Qc6 57. Qh4+ Kg8 58. Qd8+ Kf7
59. Ke2 c2 60. Qd2 Bf8 61. Qc1 Qc4+ 62. Ke1 Bb4+ 63. Bd2 Qe4+ 64. Kf1 Qd3+ 65.
Ke1 Qxd2+ 66. Qxd2 c1=Q+ 67. Ke2 Qxd2+ 68. Kf3 Qd3+ 69. Kg4 Qf5+ 70. Kh4 Be7# {
Hossa checkmated} 0-1

[Event "ICS Rated standard match"]
[Site "204.178.125.65"]
[Date "2000.06.03"]
[Round "?"]
[White "Hossa"]
[Black "PostModernist"]
[Result "1/2-1/2"]
[WhiteElo "2326"]
[BlackElo "2405"]
[PlyCount "194"]
[EventDate "2000.??.??"]

1. e4 c5 2. Nf3 d6 3. d4 Nf6 4. Nc3 cxd4 5. Nxd4 Nc6 6. Bg5 e6 7. Qd2 a6 8.
O-O-O Bd7 9. f4 h6 10. Bh4 g5 11. fxg5 Ng4 12. Nxc6 Bxc6 13. Be2 Ne5 14. g3 Ng6
15. Kb1 Qa5 16. gxh6 Nxh4 17. gxh4 O-O-O 18. Qf4 f5 19. Bc4 Rxh6 20. Rhf1 fxe4
21. Nxe4 Bxe4 22. Qxe4 d5 23. Qg4 dxc4 24. Rxd8+ Qxd8 25. Qxc4+ Kb8 26. Qf4+ e5
27. Qxf8 Qxf8 28. Rxf8+ Kc7 29. Kc1 Rxh4 30. Rf2 Kd6 31. a3 e4 32. Kd1 b5 33.
b3 Rh3 34. Rf6+ Ke5 35. Rxa6 Rxh2 36. Ra5 e3 37. Rxb5+ Ke4 38. Rb6 Rd2+ 39. Ke1
Rxc2 40. b4 Ra2 41. Ra6 Kd3 42. Rd6+ Ke4 43. b5 Rxa3 44. Ra6 Rb3 45. Re6+ Kf4
46. Rf6+ Ke5 47. Rg6 Rb2 48. b6 Kd4 49. Rd6+ Ke4 50. b7 Rxb7 51. Re6+ Kd4 52.
Rd6+ Ke5 53. Rg6 Rb2 54. Rg5+ Kd4 55. Rh5 Rf2 56. Rh4+ Kd3 57. Rb4 Re2+ 58. Kf1
Ra2 59. Rb3+ Kd2 60. Rb1 Rc2 61. Ra1 Rb2 62. Kg1 Rb6 63. Ra2+ Kd3 64. Kg2 Rc6
65. Ra3+ Rc3 66. Ra1 Kd2 67. Ra2+ Rc2 68. Ra1 Rc8 69. Ra2+ Kd3 70. Ra3+ Kd4 71.
Ra4+ Rc4 72. Ra3 Rc2+ 73. Kf1 Rf2+ 74. Ke1 Rh2 75. Ra4+ Ke5 76. Ra5+ Kf4 77.
Rb5 Kf3 78. Rf5+ Ke4 79. Rg5 Rd2 80. Rg4+ Kf3 81. Rh4 Re2+ 82. Kf1 Rf2+ 83. Ke1
Rg2 84. Rh3+ Rg3 85. Rxg3+ Kxg3 86. Ke2 Kf4 87. Ke1 Kf5 88. Ke2 Ke4 89. Ke1 Kf4
90. Ke2 Ke4 91. Ke1 Kd5 92. Ke2 Kd4 93. Ke1 Kc4 94. Ke2 Kd4 95. Ke1 Kd3 96. Kd1
e2+ 97. Ke1 Ke3 {Hossa stalemated} 1/2-1/2

[Event "ICS rated blitz match"]
[Site "204.178.125.65"]
[Date "2000.06.03"]
[Round "?"]
[White "PostModernist"]
[Black "Hossa"]
[Result "1/2-1/2"]
[WhiteElo "2774"]
[BlackElo "2385"]
[PlyCount "265"]
[EventDate "2000.??.??"]

1. d4 Nf6 2. c4 g6 3. Nc3 Bg7 4. Nf3 O-O 5. e4 d6 6. Be3 e5 7. Be2 exd4 8. Nxd4
Qe7 9. f3 Nc6 10. Nxc6 bxc6 11. Qc2 Nd7 12. O-O-O f5 13. Rhf1 a5 14. g4 fxg4
15. fxg4 Rxf1 16. Rxf1 Ba6 17. Bd2 Nc5 18. b3 Rf8 19. Bf3 Qh4 20. Kb1 Qxh2 21.
Rh1 Qf2 22. Be2 Qg2 23. Re1 Rf2 24. e5 Bxe5 25. Bh6 Qg3 26. Nd1 Rh2 27. Bd2 Ne6
28. Ne3 Nd4 29. Qd3 Nxe2 30. Rxe2 Rh1+ 31. Bc1 Qg1 32. Rc2 Bf4 33. Kb2 Rh3 34.
Qe4 Bxe3 35. Qe8+ Kg7 36. Qd7+ Kf6 37. g5+ Qxg5 38. Qxh3 Qe5+ 39. Kb1 Bxc1 40.
Kxc1 Qa1+ 41. Kd2 Qd4+ 42. Kc1 Qf4+ 43. Kb1 Kg7 44. Re2 Kf8 45. Kb2 Qf6+ 46.
Ka3 Bxc4 47. bxc4 h5 48. Ka4 Kg7 49. Qe3 d5 50. Qe7+ Qf7 51. Qxf7+ Kxf7 52.
cxd5 cxd5 53. Kxa5 Kf6 54. Kb5 Kg5 55. Kc5 Kf4 56. Kxd5 h4 57. Re4+ Kg3 58.
Re3+ Kf4 59. Rc3 g5 60. a4 g4 61. Rc4+ Kf3 62. Rxc7 h3 63. Rh7 Kg2 64. a5 g3
65. a6 Kh2 66. a7 g2 67. Rg7 g1=Q 68. Rxg1 Kxg1 69. a8=Q h2 70. Qg8+ Kh1 71.
Qf7 Kg2 72. Qg6+ Kh1 73. Qe4+ Kg1 74. Qg4+ Kh1 75. Qf5 Kg2 76. Qc2+ Kg1 77.
Qc1+ Kg2 78. Qd2+ Kh3 79. Qe1 Kg2 80. Qe2+ Kg1 81. Qd1+ Kg2 82. Ke6 h1=Q 83.
Qd5+ Kh2 84. Qe5+ Kh3 85. Qc3+ Kg4 86. Qg7+ Kh3 87. Qh7+ Kg2 88. Qb7+ Kh2 89.
Qb8+ Kh3 90. Qh8+ Kg2 91. Qa8+ Kh2 92. Qh8+ Kg2 93. Qb2+ Kh3 94. Qb3+ Kh4 95.
Qb4+ Kh5 96. Qc5+ Kh6 97. Qf8+ Kh7 98. Qf7+ Kh8 99. Qf6+ Kg8 100. Qg5+ Kh8 101.
Qd8+ Kg7 102. Qg5+ Kh7 103. Qe7+ Kh8 104. Qe8+ Kg7 105. Qd7+ Kh6 106. Qd2+ Kh7
107. Qd3+ Kh8 108. Qc3+ Kg8 109. Qg3+ Kh8 110. Qb8+ Kg7 111. Qg3+ Kh7 112. Qc7+
Kh8 113. Qe5+ Kg8 114. Kd6 Kh7 115. Qf5+ Kh8 116. Qf6+ Kh7 117. Qf7+ Kh8 118.
Qe8+ Kg7 119. Qd7+ Kg8 120. Qd8+ Kh7 121. Qe7+ Kg8 122. Qg5+ Kf8 123. Qf6+ Kg8
124. Qg6+ Kh8 125. Qg5 Qf1 126. Kc5 Kh7 127. Kb6 Kh8 128. Qg4 Kh7 129. Qd7+ Kh8
130. Qa4 Kg8 131. Kc5 Kh8 132. Qc4 Qxc4+ 133. Kxc4 1/2-1/2

[Event "ICS rated standard match"]
[Site "204.178.125.65"]
[Date "2000.06.03"]
[Round "?"]
[White "PostModernist"]
[Black "Hossa"]
[Result "0-1"]
[WhiteElo "2401"]
[BlackElo "2330"]
[PlyCount "116"]
[EventDate "2000.??.??"]

1. d4 Nf6 2. c4 g6 3. Nc3 Bg7 4. Nf3 O-O 5. e4 d6 6. Be2 e5 7. Be3 exd4 8. Nxd4
Qe7 9. f3 Nc6 10. Nxc6 bxc6 11. Qd2 Rd8 12. g4 a5 13. O-O-O a4 14. a3 Nd7 15.
h4 Ne5 16. Bg5 f6 17. Bf4 Be6 18. h5 Qf7 19. Bxe5 fxe5 20. hxg6 hxg6 21. Qd3
Ra5 22. Rh4 Rc5 23. Qe3 Bxc4 24. Qxc5 Bxe2 25. Nxe2 dxc5 26. Rxd8+ Bf8 27. Rh3
Qc4+ 28. Kd1 Qb3+ 29. Kc1 Qe3+ 30. Kd1 c4 31. Ke1 Qb6 32. Rd2 c3 33. bxc3 Bxa3
34. Rh6 Be7 35. Rd1 Kg7 36. Rh2 a3 37. Kd2 Bg5+ 38. Ke1 a2 39. Rh1 Be3 40. Kf1
Qb2 41. Rd7+ Kf6 42. Rd1 a1=Q 43. Rxa1 Qxa1+ 44. Kg2 Qa2 45. Re1 Qd2 46. Kf1
Qd3 47. Kg2 Bd2 48. Rf1 Qxe2+ 49. Rf2 Qd1 50. Rf1 Be1 51. Kh1 Qe2 52. Rg1 Bd2
53. Rg3 Qf1+ 54. Kh2 Qf2+ 55. Kh1 Qxg3 56. g5+ Kxg5 57. c4 Qh3+ 58. Kg1 Be3#
0-1

[Event "ICS rated standard match"]
[Site "204.178.125.65"]
[Date "2000.06.03"]
[Round "?"]
[White "Tinker"]
[Black "Hossa"]
[Result "1/2-1/2"]
[WhiteElo "2385"]
[BlackElo "2349"]
[PlyCount "296"]
[EventDate "2000.??.??"]

1. e4 c5 2. Nf3 d6 3. Nc3 Nc6 4. d4 cxd4 5. Nxd4 e5 6. Nxc6 bxc6 7. Bd3 Nf6 8.
Qe2 Be7 9. Be3 O-O 10. O-O-O Ng4 11. Bd2 Qb6 12. Rdf1 Rb8 13. Na4 Qb7 14. f3
Nf6 15. Rd1 Nd7 16. Bc3 d5 17. exd5 cxd5 18. b3 Re8 19. Rde1 Ba3+ 20. Kb1 f6
21. Qf2 Re7 22. Ka1 Nf8 23. Bd2 Rc7 24. Qe2 Ne6 25. h4 Bd7 26. Nc3 Qc6 27. Nb1
Nd4 28. Qe3 Bc5 29. Rc1 Bf5 30. Bxf5 Nxf5 31. Qd3 Qe6 32. g4 Nd4 33. Rhe1 Rbc8
34. b4 Bb6 35. c3 Nc6 36. Na3 Bf2 37. Rh1 Nd8 38. Nb5 Rc4 39. Qb1 Qa6 40. Rh2
Bg3 41. Rh3 Bf4 42. Bxf4 Rxf4 43. Qd3 Rd4 44. Qe3 Rdc4 45. Nd4 Nf7 46. Ne2 d4
47. Qd3 Qa3 48. Rb1 dxc3 49. Rb3 Qa4 50. Nxc3 Qc6 51. Nb1 Rc1 52. Rh2 Qc7 53.
Rd2 a5 54. bxa5 Qxa5 55. Rb7 Rf8 56. h5 e4 57. fxe4 Qg5 58. Qd7 Qf4 59. Rb4
Qe5+ 60. Qd4 Qc7 61. Rdb2 Rd8 62. Qe3 Rc8 63. Rb7 Qe5 64. Qxc1 Rxc1 65. Rb8+
Nd8 66. Rxd8+ Kf7 67. Rd7+ Ke6 68. Rdb7 Qd4 69. a3 g5 70. hxg6 hxg6 71. R7b4
Qg1 72. Rb6+ Ke5 73. R2b4 Rc3 74. a4 Rc5 75. Rb7 Kf4 76. e5+ Kxe5 77. Re7+ Kd5
78. Rd7+ Ke6 79. Rdb7 Qg2 80. R7b6+ Ke5 81. Na3 Qh1+ 82. Nb1 Qd1 83. Rb8 f5 84.
gxf5 gxf5 85. Re8+ Kf6 86. Re3 Ra5 87. Ra3 Qd6 88. Rab3 Kg5 89. Ka2 Ra8 90. Rb2
Qc6 91. Kb3 Qe6+ 92. Ka3 Qe3+ 93. R2b3 Qc1+ 94. Ka2 f4 95. Ra3 Qc2+ 96. Ka1 f3
97. Rxf3 Rxa4+ 98. Rxa4 Qxa4+ 99. Kb2 Qb5+ 100. Rb3 Qe2+ 101. Ka3 Qa6+ 102. Kb4
Qd6+ 103. Kc4 Qe6+ 104. Kc3 Qc6+ 105. Kd3 Qg6+ 106. Kd2 Kh6 107. Nc3 Qg5+ 108.
Kd3 Qg3+ 109. Kc4 Qf4+ 110. Kc5 Qc7+ 111. Kd4 Qg7+ 112. Kc4 Qg4+ 113. Kc5 Qg1+
114. Kc4 Qf1+ 115. Kd4 Qf6+ 116. Kd3 Qf3+ 117. Kc4 Qf2 118. Nd5 Qa2 119. Nb4
Qe2+ 120. Rd3 Qg4+ 121. Kc5 Qg1+ 122. Kc4 Qc1+ 123. Kb5 Qf1 124. Kc5 Qf2+ 125.
Kc4 Kg7 126. Nd5 Qf1 127. Kd4 Qe2 128. Re3 Qd2+ 129. Ke4 Qf2 130. Rf3 Qg2 131.
Ke3 Qg1+ 132. Ke4 Qh1 133. Ke3 Qe1+ 134. Kd4 Qd1+ 135. Rd3 Qa1+ 136. Ke4 Qh1+
137. Ke5 Kf7 138. Re3 Qh2+ 139. Kf5 Qf2+ 140. Ke5 Kg6 141. Ke6 Qf5+ 142. Kd6
Qf8+ 143. Ne7+ Kg5 144. Re5+ Kg4 145. Re6 Kf3 146. Kd5 Qh8 147. Re5 Qh1 148.
Rf5+ Kg3+ 1/2-1/2

[Event "ICS rated standard match"]
[Site "204.178.125.65"]
[Date "2000.06.03"]
[Round "?"]
[White "Hossa"]
[Black "sunlen"]
[Result "1-0"]
[WhiteElo "2351"]
[BlackElo "2113"]
[PlyCount "101"]
[EventDate "2000.??.??"]

1. e4 c5 2. Nf3 d6 3. d4 cxd4 4. Nxd4 Nf6 5. Nc3 a6 6. Be2 e6 7. O-O b5 8. Bg5
Bb7 9. Bh5 g6 10. e5 dxe5 11. Nxe6 Qxd1 12. Nc7+ Kd7 13. Bxd1 Kxc7 14. Bxf6 Rg8
15. Bxe5+ Bd6 16. Bxd6+ Kxd6 17. Be2 Nd7 18. Rfd1+ Ke6 19. a4 b4 20. Na2 a5 21.
Bc4+ Ke7 22. Bxf7 Rgc8 23. Bb3 Nc5 24. Nc1 Rd8 25. Nd3 Nxb3 26. cxb3 Rac8 27.
Nf4 Rxd1+ 28. Rxd1 Rc2 29. Nd3 Ba6 30. Ne5 Ke6 31. Re1 Kf5 32. f3 Rxb2 33. Nc6
Bb7 34. Nxa5 Bd5 35. Re3 g5 36. Rd3 Ke5 37. h4 g4 38. h5 gxf3 39. gxf3 Ke6 40.
f4 Be4 41. Rd4 Kf5 42. Nc4 Rb1+ 43. Kf2 Bc2 44. Ne3+ Ke6 45. Nxc2 Rxb3 46. Rxb4
Rh3 47. Nd4+ Kd5 48. Nf3 Kc5 49. Rb5+ Kc4 50. Kg2 Rxf3 51. Kxf3 {sunlen resigns
} 1-0

[Event "ICS rated standard match"]
[Site "204.178.125.65"]
[Date "2000.06.04"]
[Round "?"]
[White "sunlen"]
[Black "Hossa"]
[Result "1/2-1/2"]
[WhiteElo "2107"]
[BlackElo "2357"]
[PlyCount "116"]
[EventDate "2000.??.??"]

1. d4 Nf6 2. c4 g6 3. Nc3 Bg7 4. e4 d6 5. Be2 O-O 6. Nf3 e5 7. O-O exd4 8. Nxd4
Re8 9. f3 Bd7 10. Bg5 Nc6 11. Nc2 Rc8 12. Nd5 Re5 13. h4 h6 14. Nxf6+ Bxf6 15.
Bxf6 Qxf6 16. g3 Ree8 17. Ne3 Qe5 18. Kg2 Qxb2 19. Rb1 Qxa2 20. Rxb7 Na5 21.
Rxa7 Nxc4 22. Rxa2 Nxe3+ 23. Kf2 Nxd1+ 24. Rxd1 f5 25. Bc4+ Be6 26. Bxe6+ Rxe6
27. exf5 gxf5 28. Rd5 Rf6 29. Ra7 c6 30. Rda5 d5 31. Rd7 Rf7 32. Rd6 Kg7 33.
Ra6 Rfc7 34. h5 Kh7 35. Ke3 Rg8 36. Kf4 Rgc8 37. Rb6 Kg7 38. Rg6+ Kh7 39. Kxf5
Rf8+ 40. Kg4 Rg8 41. Rxg8 Kxg8 42. f4 Kg7 43. Kf5 Kf7 44. g4 Kg7 45. Ke5 Re7+
46. Kf5 Rf7+ 47. Ke5 Re7+ 48. Kd6 Re4 49. g5 Rxf4 50. Rb7+ Kg8 51. g6 Rf6+ 52.
Ke5 Rf8 53. Rc7 Re8+ 54. Kf6 Rf8+ 55. Ke6 Re8+ 56. Kf6 Rf8+ 57. Ke6 Re8+ 58.
Kf6 Rf8+ 1/2-1/2

[Event "ICS rated blitz match"]
[Site "204.178.125.65"]
[Date "2000.06.04"]
[Round "?"]
[White "Hossa"]
[Black "PostModernist"]
[Result "0-1"]
[WhiteElo "2398"]
[BlackElo "2708"]
[PlyCount "102"]
[EventDate "2000.??.??"]

1. e4 c5 2. Nf3 d6 3. d4 Nf6 4. Nc3 cxd4 5. Nxd4 Nc6 6. Bg5 Bd7 7. Be2 a6 8.
O-O e6 9. Nf3 Qc7 10. Qd2 h6 11. Bf4 g5 12. Be3 Be7 13. Nd4 O-O-O 14. a4 d5 15.
exd5 exd5 16. Nxc6 Qxc6 17. Bd4 Rhe8 18. Qc1 Ne4 19. Bh5 Bc5 20. Bxc5 Qxc5 21.
Nxe4 Rxe4 22. b3 f5 23. Bf3 Re5 24. Qd2 g4 25. b4 Qc4 26. Bd1 h5 27. Ra3 d4 28.
b5 axb5 29. a5 b4 30. Rd3 Bb5 31. Re1 Rxe1+ 32. Qxe1 Re8 33. Be2 Qxc2 34. Rd2
Qc3 35. a6 bxa6 36. Qd1 Rxe2 37. Rxe2 Bxe2 38. Qxe2 Qc1+ 39. Qf1 Qxf1+ 40. Kxf1
b3 41. Ke2 b2 42. Kd3 b1=Q+ 43. Kxd4 Qe4+ 44. Kc3 Qxg2 45. h3 gxh3 46. Kd3 Qd5+
47. Ke3 f4+ 48. Kxf4 h2 49. Ke3 h1=Q 50. Ke2 Qde4+ 51. Kd2 Qhe1# {
Hossa checkmated} 0-1

[Event "ICS Rated standard match"]
[Site "204.178.125.65"]
[Date "2000.06.04"]
[Round "?"]
[White "Hossa"]
[Black "PostModernist"]
[Result "0-1"]
[WhiteElo "2347"]
[BlackElo "2382"]
[PlyCount "150"]
[EventDate "2000.??.??"]

1. e4 c5 2. Nf3 d6 3. Bb5+ Nc6 4. O-O Bd7 5. Nc3 Nf6 6. Bxc6 Bxc6 7. e5 dxe5 8.
Nxe5 Qc7 9. Nxc6 Qxc6 10. d3 e6 11. Bg5 Be7 12. Qe2 h6 13. Bh4 O-O-O 14. a4 a6
15. Ne4 g5 16. Bg3 Nxe4 17. dxe4 Rd4 18. Rfe1 Rxa4 19. Rad1 Qb5 20. Qf3 Qxb2
21. Qxf7 Qf6 22. Qh5 Rd4 23. Rxd4 Qxd4 24. Qg4 Qc4 25. Be5 Rd8 26. c3 b5 27.
Qh5 b4 28. cxb4 Qxb4 29. Qe2 Kb7 30. Qf1 Ka7 31. Ra1 c4 32. Rb1 Qc5 33. Bc3 Qc7
34. Qe1 Rb8 35. Rc1 Rb3 36. Bd4+ Kb8 37. Qe2 Ba3 38. Rd1 e5 39. Ba1 Ka7 40. Qc2
Bd6 41. Rc1 a5 42. Qa2 Kb6 43. Qe2 Ba3 44. Rd1 c3 45. Qc2 a4 46. h4 gxh4 47.
Rd3 Bb4 48. Rd1 Bc5 49. Rd3 Bd4 50. Rf3 Qc5 51. Kh1 Qa3 52. Qd1 Qa2 53. Rxc3
Rb1 54. Rc1 Rxa1 55. Kh2 Rxc1 56. Qxc1 Qxf2 57. Qxh6+ Ka5 58. Qg6 Qg1+ 59. Kh3
Qh1+ 60. Kg4 Qxg2+ 61. Kf5 Qxg6+ 62. Kxg6 h3 63. Kf5 h2 64. Kg4 h1=Q 65. Kg5
Qh7 66. Kf6 Qh6+ 67. Ke7 Qg7+ 68. Ke6 Qg6+ 69. Ke7 Bc5+ 70. Kd7 Qf7+ 71. Kc6
Bd4 72. Kd6 Ka6 73. Kc6 Qe6+ 74. Kc7 Bb6+ 75. Kb8 Qg8# {Hossa checkmated} 0-1

[Event "ICS rated blitz match"]
[Site "204.178.125.65"]
[Date "2000.06.04"]
[Round "?"]
[White "QueenMaxima"]
[Black "Hossa"]
[Result "1-0"]
[WhiteElo "2565"]
[BlackElo "2393"]
[PlyCount "157"]
[EventDate "2000.??.??"]

1. d4 Nf6 2. Nf3 g6 3. Nc3 d5 4. Bf4 Bg7 5. e3 O-O 6. Be2 c5 7. dxc5 Qa5 8. Nd2
Qxc5 9. Nb3 Qb6 10. O-O Qd8 11. Bf3 Nc6 12. Bxd5 Nxd5 13. Nxd5 Bxb2 14. Bh6 Bg7
15. Bxg7 Kxg7 16. c4 Kg8 17. Nd4 Ne5 18. Qb3 e6 19. Nf4 b6 20. Rfd1 Qc7 21.
Rac1 Re8 22. Qc3 Ba6 23. c5 Nc4 24. c6 Red8 25. Ndxe6 Rxd1+ 26. Rxd1 fxe6 27.
Nxe6 Qe5 28. Qxe5 Nxe5 29. Nc7 Rc8 30. Nxa6 Nxc6 31. Rc1 Rd8 32. Kf1 Ne5 33.
Ke2 Ng4 34. Rc7 Rf8 35. f3 Nxh2 36. Rxa7 Rd8 37. Rb7 Rd6 38. Nb8 Rf6 39. Nd7
Rf7 40. Rb8+ Kg7 41. Nxb6 Rc7 42. Kf2 Rc1 43. Rb7+ Kh6 44. Nd5 Rf1+ 45. Kg3 Rh1
46. Nf6 Kg5 47. Nxh7+ Kf5 48. Rb5+ Ke6 49. Rb6+ Kf7 50. Ng5+ Kg7 51. Rb7+ Kg8
52. Ne6 Kh8 53. Nf8 g5 54. Ne6 Nf1+ 55. Kf2 Nd2 56. Nxg5 Ra1 57. Rh7+ Kg8 58.
Ra7 Rb1 59. Ke2 Rb2 60. Kd3 Nb1 61. g4 Rd2+ 62. Kc4 Rc2+ 63. Kd4 Rd2+ 64. Ke5
Nc3 65. a4 Ra2 66. a5 Ra1 67. f4 Re1 68. e4 Nb5 69. Rb7 Nc3 70. Rb3 Nxe4 71.
Nxe4 Ra1 72. Kf6 Rxa5 73. Rb8+ Kh7 74. Ng5+ Rxg5 75. Rb7+ Rg7 76. Rxg7+ Kh8 77.
Rf7 Kg8 78. Kg6 Kh8 79. Rf8# {Hossa checkmated} 1-0

[Event "ICS rated blitz match"]
[Site "204.178.125.65"]
[Date "2000.06.04"]
[Round "?"]
[White "Hossa"]
[Black "QueenMaxima"]
[Result "0-1"]
[WhiteElo "2384"]
[BlackElo "2574"]
[PlyCount "108"]
[EventDate "2000.??.??"]

1. d4 Nf6 2. Nf3 d5 3. e3 g6 4. c4 Bg7 5. cxd5 O-O 6. Nc3 Nxd5 7. e4 Nxc3 8.
bxc3 c5 9. Rb1 Nc6 10. Bb5 cxd4 11. Bxc6 bxc6 12. cxd4 Ba6 13. Be3 Qa5+ 14. Qd2
Qh5 15. h3 f5 16. Bg5 e6 17. e5 Rab8 18. Rc1 Rf7 19. a4 Rb3 20. Be3 f4 21. Qc2
fxe3 22. Qxb3 Rxf3 23. gxf3 Qxf3 24. Qxe3 Qxh1+ 25. Kd2 Qd5 26. Ke1 Bf8 27. f4
Qh1+ 28. Kd2 Qh2+ 29. Kd1 Bh6 30. Rc2 Qh1+ 31. Kd2 Qf1 32. Kc3 Bxf4 33. Qe4
Qc4+ 34. Kb2 Qb4+ 35. Ka1 Qa3+ 36. Ra2 Qc3+ 37. Rb2 Be3 38. Qc2 Qa3+ 39. Ra2
Bxd4+ 40. Kb1 Qxh3 41. Kc1 Qh6+ 42. Kd1 Qh1+ 43. Kd2 Qd5 44. a5 Bb2+ 45. Ke3
Qxe5+ 46. Qe4 Qg3+ 47. Qf3 Qg5+ 48. Kf2 Bd4+ 49. Ke1 Qc1+ 50. Qd1 Qe3+ 51. Qe2
Bxe2 52. Ra3 Bd3+ 53. Kd1 Qe2+ 54. Kc1 Be3# {Hossa checkmated} 0-1

[Event "ICS rated standard match"]
[Site "204.178.125.65"]
[Date "2000.06.04"]
[Round "?"]
[White "Hossa"]
[Black "star"]
[Result "0-1"]
[WhiteElo "2333"]
[BlackElo "2610"]
[PlyCount "118"]
[EventDate "2000.??.??"]

1. e4 e5 2. Nf3 Nc6 3. a3 Nf6 4. Nc3 Bc5 5. Be2 O-O 6. O-O d5 7. exd5 Nxd5 8.
Nxd5 Qxd5 9. d3 Bf5 10. Be3 Rad8 11. Ng5 Bd4 12. Bf3 Qd7 13. Qb1 f6 14. Qa2+
Kh8 15. Bxc6 bxc6 16. Bxd4 exd4 17. Ne4 Be6 18. b3 Rfe8 19. Rae1 Qd5 20. Re2 f5
21. Nd2 Bf7 22. Rfe1 Rxe2 23. Rxe2 Bh5 24. Re1 Kg8 25. Qa1 Bf7 26. Nc4 Qd7 27.
Ne5 Qd6 28. b4 c5 29. c3 dxc3 30. Qxc3 cxb4 31. axb4 Bd5 32. b5 Qb6 33. d4 Qxb5
34. Qxc7 Qb6 35. Qe7 Rc8 36. Qh4 Qb4 37. Rd1 Qb3 38. Rf1 Qc2 39. Qg5 Qe4 40.
Nf3 Re8 41. Qc1 Qd3 42. Rd1 Qb3 43. Ne5 a5 44. Qd2 a4 45. Nd3 a3 46. Qc1 a2 47.
Nb2 Rb8 48. Rd2 Qa3 49. Qa1 Qe7 50. Kh1 Qe4 51. f3 Qb1+ 52. Rd1 Rxb2 53. h4
Qxd1+ 54. Qxd1 Rb1 55. Kh2 Rxd1 56. Kh3 a1=Q 57. Kg3 Qxd4 58. f4 Rh1 59. h5
Qe3# {Hossa checkmated} 0-1

[Event "ICS rated standard match"]
[Site "204.178.125.65"]
[Date "2000.06.04"]
[Round "?"]
[White "star"]
[Black "Hossa"]
[Result "0-1"]
[WhiteElo "2615"]
[BlackElo "2328"]
[PlyCount "96"]
[EventDate "2000.??.??"]

1. e4 e5 2. Nf3 Nc6 3. Bb5 a6 4. Ba4 d6 5. O-O Nf6 6. Re1 Bg4 7. c3 b5 8. Bb3
Be7 9. d3 O-O 10. Nbd2 Qd7 11. Nf1 a5 12. Ne3 Be6 13. Nd5 a4 14. Nxe7+ Qxe7 15.
Bc2 Bg4 16. h3 Bh5 17. Bd2 h6 18. g4 Bg6 19. c4 bxc4 20. Bxa4 Nd8 21. Bb5 cxd3
22. Bxd3 Ne6 23. Nh4 Bh7 24. Nf5 Bxf5 25. gxf5 Nd4 26. Bc3 c5 27. Bc4 Qb7 28.
Qd3 Rfe8 29. Rad1 Ra4 30. Bxd4 exd4 31. Bb5 Rxa2 32. Bxe8 Nxe8 33. b3 Nf6 34.
Rc1 Nd7 35. Qg3 Ne5 36. f4 Nd7 37. e5 dxe5 38. fxe5 Qb8 39. Rcd1 f6 40. b4 c4
41. Rxd4 Qb6 42. Qc3 Nxe5 43. Red1 Qb7 44. Rd5 Qa7+ 45. Rc5 Ra3 46. Qc1 Rxh3
47. Kg2 Rh4 48. Qe3 Qa2+ {star resigns} 0-1

[Event "ICS rated blitz match"]
[Site "204.178.125.65"]
[Date "2000.06.04"]
[Round "?"]
[White "PostModernist"]
[Black "Hossa"]
[Result "1-0"]
[WhiteElo "2673"]
[BlackElo "2376"]
[PlyCount "99"]
[EventDate "2000.??.??"]

1. d4 Nf6 2. c4 g6 3. Nc3 Bg7 4. e4 d6 5. Nf3 O-O 6. Be2 c5 7. d5 e6 8. O-O
exd5 9. cxd5 Re8 10. Nd2 Nbd7 11. a4 Qe7 12. Re1 Ne5 13. Nb3 Nfg4 14. h3 Nf6
15. Bb5 Rd8 16. f4 Ned7 17. Qe2 Ne8 18. Qf2 Nc7 19. Bd3 Re8 20. Bd2 b6 21. a5
b5 22. Nxb5 Nxb5 23. Bxb5 Rb8 24. Ba4 Bxb2 25. Rab1 Bg7 26. e5 Rd8 27. Bc3 dxe5
28. Bxd7 Rxd7 29. Bxe5 Bxe5 30. Rxe5 Qf8 31. Rbe1 Rxb3 32. Re8 Rxd5 33. Qe2 Rd8
34. Rxf8+ Rxf8 35. Qc4 Rb7 36. Qxc5 a6 37. Qc3 Bd7 38. Kh2 Rfb8 39. Re7 Rf8 40.
f5 Bc6 41. f6 Bxg2 42. Kxg2 Rbb8 43. Qd2 h5 44. Qh6 Rb2+ 45. Kf1 Rb1+ 46. Re1
Rxe1+ 47. Kxe1 Re8+ 48. Kf2 Re2+ 49. Kxe2 h4 50. Qg7# {Hossa checkmated} 1-0